| 000 | 00679nam a2200229Ia 4500 | ||
|---|---|---|---|
| 001 | 15413 | ||
| 003 | GE_BSU | ||
| 008 | 181216s||||||||xx |||||||||||||| ||und|| | ||
| 040 | _cGE_BSU | ||
| 080 | _a821.353.1-31 | ||
| 100 | _aჩიქოვანი,გრიგოლ | ||
| 245 | _aთებერვალი დადგაო... | ||
| 245 | _bრომანი | ||
| 245 | _cრედ.მ.ებრალიძე | ||
| 260 | _aთბილისი | ||
| 260 | _bმერანი | ||
| 260 | _c1971 | ||
| 300 | _a266გვ.პორტრ.16სმ. | ||
| 653 | _aთებერვალი დადგაო... | ||
| 653 | _aრომანი | ||
| 942 | _cBK | ||
| 999 |
_c48516 _d48516 |
||